000 00632nam a2200229Ia 4500
003 OSt
005 20220923213001.0
006 a|||||r|||| 00| 0
007 ta
008 220922b |||||||| |||| 00| 0 hin d
024 _a157,861
037 _cTextual
040 _aARTS
_cARTS
_bhin
041 _2hin
_ahin
082 _aO152:1x, K3
100 _aवर्मा, महादेवी, संपा.
_9156370
245 0 _aहिमालय
246 _aHimālaya
260 _c1963
942 _hO152:1x, K3
_cTEXL
_2CC
999 _c312884
_d312884